| 000 | 01123nam a2200313 i 4500 | ||
|---|---|---|---|
| 001 | 000048938 | ||
| 003 | DO-SdBNP | ||
| 005 | 20230801135946.0 | ||
| 007 | ta | ||
| 008 | 190314s2016 dr 000 p spa d | ||
| 020 | _a9789945600704 | ||
| 040 |
_aDO-SdBNP _bspa _cBNPHU _erda |
||
| 082 | 4 |
_aRD863.5 _bM528s _222 |
|
| 100 | 1 |
_aMelo, María, _976375 _eautor |
|
| 245 | 1 | 3 |
_aLa señal : _b(cuentos) / _cMaría Melo ; diagramación y diseño de portada Amado Santana ; fotografía y corrección editorial, Edgar Valenzuela |
| 260 | _c2016. | ||
| 264 |
_aSanto Domingo : _bSantuario, _c2016. |
||
| 300 |
_a106 páginas ; _c23 cm. |
||
| 336 |
_2rdacontent _atexto _btxt |
||
| 337 |
_2rdamedia _asin mediación _bn |
||
| 338 |
_2rdacarrier _avolumen _bnc |
||
| 500 | _aIncluye datos biografícos de la autora en la solapa de la portada. | ||
| 590 | _aInventariado, 2019/ YL | ||
| 650 | 4 | _aCuentos dominicanos. | |
| 650 | 4 | _aLiteratura dominicana. | |
| 700 | 1 |
_aSantana, Amado, _ediagramación y diseño de portada _97207 |
|
| 700 | 1 |
_aValenzuela, Edgar, _efotografía y corrección editorial _96575 |
|
| 942 |
_2ddc _cLBS1 |
||
| 999 |
_c48426 _d48426 |
||